[Event "AUTO-OPEN-3586"]
[Site "http://www.queenalice.com/game.php?id=1400139"]
[Date "2015.12.23"]
[Round "1"]
[White "Rafale2000"]
[Black "cobra"]
[Result "1-0"]
[WhiteElo "1968"]
[BlackElo "1100"]

1. d4 f5 2. Nf3 e6 3. c4 Bb4+ 4. Bd2 Na6 5. Bxb4 Nxb4 6. a3 Nc6 7. Nc3 Nf6 8. e3
Ne4 9. Qc2 Nxc3 10. Qxc3 b6 11. d5 1-0

[Event "AUTO-OPEN-3586"]
[Site "http://www.queenalice.com/game.php?id=1400140"]
[Date "2015.12.23"]
[Round "1"]
[White "cobra"]
[Black "Rafale2000"]
[Result "0-1"]
[WhiteElo "1100"]
[BlackElo "1966"]

1. f4 e5 2. fxe5 d6 3. exd6 Bxd6 4. e4 Qh4+ 5. g3 Qxe4+ 6. Qe2 Nf6 7. d3 Qe6 8.
Nc3 Nc6 9. Qxe6+ Bxe6 10. Bg5 Nd4 11. Bxf6 gxf6 0-1

[Event "AUTO-OPEN-3586"]
[Site "http://www.queenalice.com/game.php?id=1400149"]
[Date "2015.12.23"]
[Round "1"]
[White "AntonioMelo"]
[Black "cobra"]
[Result "1-0"]
[WhiteElo "2111"]
[BlackElo "1100"]

1. f4 d5 2. Nf3 Bg4 3. e3 Nf6 4. Be2 e6 5. O-O Bc5 6. d4 Bd6 7. Ne5 Bxe2 8. Qxe2
Bxe5 9. fxe5 Ne4 10. Nd2 Nxd2 11. Bxd2 O-O 12. Qf3 f5 13. exf6 Qxf6 14. Qg3 Qe7
15. a3 c6 16. Bb4 Rxf1+ 17. Rxf1 Qe8 18. Rf8+ Qxf8 19. Bxf8 Kxf8 20. Qd6+ Kg8
21. Qxe6+ Kf8 22. Qc8+ 1-0

[Event "AUTO-OPEN-3586"]
[Site "http://www.queenalice.com/game.php?id=1400150"]
[Date "2015.12.23"]
[Round "1"]
[White "cobra"]
[Black "AntonioMelo"]
[Result "0-1"]
[WhiteElo "1100"]
[BlackElo "2098"]

1. f4 d6 2. d4 Nf6 3. Nc3 e6 4. Nf3 Be7 5. e3 O-O 6. Bd3 Nc6 7. Bb5 a6 8. Bxc6
bxc6 9. O-O Nd5 10. Nxd5 cxd5 11. b3 c5 12. Qd3 a5 13. Ng5 Bxg5 14. fxg5 Ba6 15.
Qd1 Bxf1 16. Kxf1 Qxg5 17. e4 Qf6+ 18. Qf3 Qxf3+ 19. gxf3 dxe4 20. fxe4 cxd4 21.
Ba3 Rfd8 22. Rd1 e5 23. Bc1 d5 24. exd5 Rxd5 25. Rd3 e4 26. Rg3 f5 0-1

[Event "AUTO-BEG-644"]
[Site "http://www.queenalice.com/game.php?id=1444165"]
[Date "2016.10.4"]
[Round "1"]
[White "fltrazzi"]
[Black "cobra"]
[Result "0-1"]
[WhiteElo "919"]
[BlackElo "1018"]

1. e4 e6 2. Nf3 d5 3. exd5 exd5 4. Nc3 Bg4 5. Nxd5 Qxd5 6. c4 Bxf3 7. gxf3 Qe6+
8. Qe2 Qxe2+ 9. Bxe2 Nf6 10. c5 Bxc5 11. Bb5+ c6 12. Bc4 O-O 13. d3 Re8+ 14. Kf1
Nbd7 15. h4 Ne5 16. Bb3 Nxd3 17. a4 Re1+ 18. Kg2 Rxh1 19. Kxh1 Bxf2 20. Bg5 h6
21. Bd2 Re8 22. Bc4 Nxb2 23. Bb3 Nd7 24. Bc3 Nd3 25. Rd1 N7c5 26. Bc2 Ne1 27.
Bf5 Nxf3 28. Kg2 Nxh4+ 29. Kxf2 Nxf5 30. Bb4 Nxa4 31. Rd7 c5 32. Ba5 b6 33. Bd2
a5 34. Rd5 Nd4 35. Rd6 Re2+ 36. Kf1 Rxd2 37. Ke1 Nf3+ 38. Kf1 Rxd6 39. Kf2 Rf6
0-1

[Event "AUTO-BEG-644"]
[Site "http://www.queenalice.com/game.php?id=1444166"]
[Date "2016.10.4"]
[Round "1"]
[White "cobra"]
[Black "fltrazzi"]
[Result "0-1"]
[WhiteElo "1054"]
[BlackElo "904"]

1. f4 Nf6 2. d4 Nc6 3. e3 Nb4 4. a3 Nc6 5. Bb5 Na5 6. Nc3 c6 7. Bd3 b5 8. e4 d5
9. e5 Bg4 10. Be2 Bxe2 11. Ngxe2 Ng4 12. h3 Nh6 13. g3 f6 14. O-O fxe5 15. fxe5
Nf5 16. Rxf5 g6 17. Rf3 c5 18. Nxb5 cxd4 19. Nexd4 a6 20. Nc3 Qb6 21. b4 Nc4 22.
e6 h5 23. Qd3 Ne5 24. Rxf8+ Rxf8 25. Qe3 Nc4 26. Qh6 Qxd4+ 27. Be3 Qxc3 28.
Qxg6+ Kd8 29. Rf1 Qxe3+ 30. Kg2 Qe2+ 31. Rf2 Qxf2+ 32. Kh1 Qf1+ 33. Kh2 Rf2# 0-1

[Event "AUTO-BEG-644"]
[Site "http://www.queenalice.com/game.php?id=1444179"]
[Date "2016.10.4"]
[Round "1"]
[White "cobra"]
[Black "Tantra"]
[Result "0-1"]
[WhiteElo "1002"]
[BlackElo "1997"]

1. f4 d5 2. d4 Nc6 3. e3 a6 4. Nc3 Nf6 5. h3 e6 6. Nf3 Bb4 7. Bd2 O-O 8. a3 Bxc3
9. Bxc3 Ne4 10. Bd3 f5 11. Bxe4 fxe4 12. Nd2 b5 13. Nb3 Qh4+ 14. Kf1 Ne7 15. Qe1
Qf6 16. Bb4 Rf7 17. Bxe7 Rxe7 18. Nc5 e5 19. Qf2 exd4 20. Rd1 dxe3 21. Qxe3 c6
22. b4 Raa7 23. g3 a5 24. h4 axb4 25. axb4 Bg4 26. Rc1 Bf3 27. Rh2 Ra1 28. Rxa1
Qxa1+ 29. Qe1 Ra7 30. Ne6 Qxe1+ 31. Kxe1 Ra1+ 32. Kd2 Ra3 33. Nd4 e3+ 34. Kc1
Ra1+ 35. Kb2 Rf1 36. Kc3 Rf2 37. Nxf3 Rxf3 38. Kd3 Rxg3 39. c3 e2+ 40. Kxe2 Rxc3
41. Kd2 Rc4 42. Re2 Kf7 0-1

[Event "AUTO-BEG-644"]
[Site "http://www.queenalice.com/game.php?id=1444180"]
[Date "2016.10.4"]
[Round "1"]
[White "Tantra"]
[Black "cobra"]
[Result "1-0"]
[WhiteElo "1693"]
[BlackElo "1036"]

1. c4 e6 2. a3 d5 3. cxd5 exd5 4. d4 Nf6 5. Nc3 h6 6. h3 Nc6 7. Nf3 Be6 8. e3
Bd6 9. Bd3 a6 10. Qc2 Qd7 11. Bd2 Ne7 12. O-O-O Bf5 13. e4 Be6 14. e5 Bxe5 15.
Nxe5 Qd8 16. g4 Nd7 17. f4 Nxe5 18. fxe5 Nc6 19. Be3 Qe7 20. Rhf1 O-O-O 21. Bf5
g6 22. Bxe6+ fxe6 23. Rf6 g5 24. Rdf1 Rhf8 25. Qg6 Rh8 26. Rxe6 Qd7 27. Rf7 Rdg8
28. Qf5 Qd8 29. Re8+ Kb8 30. Rxd8+ Nxd8 31. Re7 Rf8 32. Qd7 Nc6 33. Qxc7+ 1-0

[Event "AUTO-BEG-644"]
[Site "http://www.queenalice.com/game.php?id=1444181"]
[Date "2016.10.4"]
[Round "1"]
[White "cobra"]
[Black "cucalegal2"]
[Result "0-1"]
[WhiteElo "1014"]
[BlackElo "1284"]

1. f4 g6 2. d4 d5 3. e3 Bf5 4. Nc3 c6 5. h3 b5 6. Nf3 f6 7. Bd3 Bxd3 8. Qxd3 Bg7
9. Bd2 Na6 10. O-O-O Nb4 11. Qf1 h5 12. a3 Na6 13. Nxb5 f5 14. Ng5 Qd7 15. Nd6+
Qxd6 16. Qxa6 c5 17. Qxd6 exd6 18. dxc5 dxc5 19. Ne6 Kf7 20. Nxc5 Ne7 21. c3
Rhc8 22. Nd3 Nc6 23. Rhf1 Na5 24. Kb1 Rab8 25. g3 Nc4 0-1

[Event "AUTO-BEG-644"]
[Site "http://www.queenalice.com/game.php?id=1444182"]
[Date "2016.10.4"]
[Round "1"]
[White "cucalegal2"]
[Black "cobra"]
[Result "1-0"]
[WhiteElo "1289"]
[BlackElo "1008"]

1. e4 e6 2. e5 d5 3. c3 a6 4. d4 Nc6 5. b4 h6 6. g3 f6 7. Qh5+ Kd7 8. Qf7+ Qe7
9. Qxe7+ Bxe7 10. Nf3 f5 11. Bd3 g5 12. Be3 g4 13. Nh4 Bxh4 14. gxh4 h5 15. Nd2
Nge7 16. Bg5 b5 17. a4 bxa4 18. Rxa4 Bb7 19. Nb3 Nd8 20. Nc5+ Ke8 21. b5 axb5
22. Bxb5+ Nec6 23. Rxa8 Bxa8 24. O-O Rf8 25. Ra1 1-0

[Event "AUTO-BEG-645"]
[Site "http://www.queenalice.com/game.php?id=1448514"]
[Date "2016.11.6"]
[Round "1"]
[White "Iceberg"]
[Black "cobra"]
[Result "1-0"]
[WhiteElo "1114"]
[BlackElo "983"]

1. e4 e6 2. c4 d5 3. Qa4+ Bd7 4. Qa5 b6 5. Qc3 dxe4 6. Qe5 Nf6 7. c5 bxc5 8. Bc4
Nc6 9. Qc3 Bd6 10. Na3 Be5 11. Qc2 Na5 12. Be2 Bd6 13. b4 cxb4 14. Nc4 Nxc4 15.
Bxc4 O-O 16. d4 e5 17. Be3 a5 18. f3 exf3 19. Nxf3 Bg4 20. Ng5 g6 21. h3 Bf5 22.
Qf2 h6 23. Nf3 Ne4 24. Qb2 Ra7 25. g4 1-0

[Event "AUTO-BEG-645"]
[Site "http://www.queenalice.com/game.php?id=1448515"]
[Date "2016.11.6"]
[Round "1"]
[White "cobra"]
[Black "Iceberg"]
[Result "0-1"]
[WhiteElo "995"]
[BlackElo "1102"]

1. f4 e6 2. d4 Nf6 3. e3 Ne4 4. a3 Qh4+ 5. g3 Nxg3 6. hxg3 Qxh1 7. Nf3 h5 8. Qe2
Bd6 9. Qg2 Qxg2 10. Bxg2 b6 11. Ne5 c6 12. Nc3 h4 13. Ne4 h3 14. Bf3 f5 15.
Nxd6+ Ke7 16. Ndc4 h2 17. Kd2 Na6 18. Ng6+ Kf6 19. Nxh8 b5 20. Bh5 h1=Q 21. Be2
Qxh8 22. Ne5 Qh1 23. Bf3 Qh2+ 24. Kd3 Qg1 25. b4 d6 0-1

[Event "AUTO-BEG-645"]
[Site "http://www.queenalice.com/game.php?id=1448528"]
[Date "2016.11.6"]
[Round "1"]
[White "cobra"]
[Black "Narizinho"]
[Result "0-1"]
[WhiteElo "960"]
[BlackElo "1083"]

1. f4 Nf6 2. e3 Nc6 3. d4 Na5 4. Bd2 c6 5. a3 e6 6. Bxa5 Qe7 7. Bb4 b5 8. Bxe7
Bxe7 9. Nf3 O-O 10. Nc3 a6 11. h3 d5 0-1

[Event "AUTO-BEG-645"]
[Site "http://www.queenalice.com/game.php?id=1448529"]
[Date "2016.11.6"]
[Round "1"]
[White "Narizinho"]
[Black "cobra"]
[Result "1-0"]
[WhiteElo "1071"]
[BlackElo "972"]

1. e4 e6 2. Nf3 d5 3. exd5 exd5 4. Bb5+ Bd7 5. Nc3 a6 6. Be2 Bb4 7. O-O Bxc3 8.
dxc3 Be6 9. Bg5 f6 10. a3 Bg4 11. h3 Bxf3 12. Bxf3 1-0

[Event "AUTO-BEG-645"]
[Site "http://www.queenalice.com/game.php?id=1448530"]
[Date "2016.11.6"]
[Round "1"]
[White "cobra"]
[Black "fltrazzi"]
[Result "0-1"]
[WhiteElo "1002"]
[BlackElo "1217"]

1. f4 Nf6 2. e3 d6 3. d4 e5 4. dxe5 dxe5 5. fxe5 Ne4 6. Bd3 Nc5 7. h3 Ncd7 8.
Nf3 g5 9. a3 Rg8 10. Bxh7 Rh8 11. Bf5 g4 12. Bxg4 c5 13. Bxd7+ Nxd7 14. O-O b5
15. Nc3 b4 16. axb4 cxb4 17. Qd5 Bb7 18. Qxb7 Rb8 19. Qxa7 bxc3 20. bxc3 Bc5 21.
Qa5 Bb6 22. Qa6 Ra8 23. Qxa8 Qxa8 24. Rxa8+ Bd8 25. Ng5 Nb6 26. Ra7 Bxg5 27. Rb7
Bd8 28. Rfxf7 Nc4 29. Rh7 Rf8 30. e6 Nd6 31. Rbd7 Ne4 32. Ba3 Rf6 33. Be7 Bxe7
34. Rhxe7+ Kf8 35. Rf7+ Ke8 0-1

[Event "AUTO-BEG-645"]
[Site "http://www.queenalice.com/game.php?id=1448531"]
[Date "2016.11.6"]
[Round "1"]
[White "fltrazzi"]
[Black "cobra"]
[Result "1-0"]
[WhiteElo "1040"]
[BlackElo "1036"]

1. e4 e6 2. Nf3 d5 3. exd5 exd5 4. Ne5 f6 5. Nd3 Qe7+ 6. Qe2 Nc6 7. Nc3 Bf5 8.
Nxd5 Nd4 9. Kd1 Nxe2 10. Nxe7 Bxe7 11. Bxe2 O-O-O 12. Nf4 Bd6 13. Nd5 Ne7 14.
Ne3 Bf4 15. Nc4 b5 16. Na3 a6 17. g4 Be4 18. f3 Bd5 19. d4 Bxc1 20. Rxc1 Bxa2
21. b3 Rxd4+ 22. Ke1 Rhd8 23. Ra1 Bxb3 24. cxb3 f5 25. gxf5 Nxf5 26. Nc2 R4d6
27. Rg1 R8d7 28. Nb4 Nd4 29. Bd1 g6 30. f4 Re7+ 31. Kf2 Rde6 32. Bg4 Nf5 33.
Nxa6 h5 34. Nc5 Rc6 35. Ra8# 1-0

[Event "AUTO-BEG-646"]
[Site "http://www.queenalice.com/game.php?id=1452802"]
[Date "2016.11.30"]
[Round "1"]
[White "cobra"]
[Black "queen1"]
[Result "0-1"]
[WhiteElo "1002"]
[BlackElo "1778"]

1. d4 Nf6 2. Bg5 c5 3. dxc5 Na6 4. Bxf6 gxf6 5. e4 Qa5+ 6. Qd2 Qxd2+ 7. Nxd2
Nxc5 8. Ngf3 Bh6 9. Bd3 Bxd2+ 10. Nxd2 Nxd3+ 11. cxd3 e5 0-1

[Event "AUTO-BEG-646"]
[Site "http://www.queenalice.com/game.php?id=1452803"]
[Date "2016.11.30"]
[Round "1"]
[White "queen1"]
[Black "cobra"]
[Result "1-0"]
[WhiteElo "1776"]
[BlackElo "1002"]

1. e4 e6 2. d4 d5 3. e5 a6 4. Nf3 c5 5. Bd3 cxd4 6. Nxd4 Bc5 7. Be3 Nc6 8. Nxc6
bxc6 9. Bxc5 f6 10. Qh5+ Kd7 11. Qf7+ Ne7 12. exf6 gxf6 13. Qxf6 1-0